[Event "2BLN 1819 SV Glückauf Rüdersdorf - Hamb"]
[Site "?"]
[Date "2019.02.03"]
[Round "6.4"]
[White "Janaszak, Dawid"]
[Black "Voigt, Roland"]
[Result "0-1"]
[WhiteElo "2350"]
[BlackElo "2445"]
[PlyCount "164"]
[EventDate "2019.??.??"]

1. Nf3 c5 2. c4 Nf6 3. Nc3 e6 4. g3 b6 5. Bg2 Bb7 6. O-O Be7 7. d4 cxd4 8. Qxd4
d6 9. b3 O-O 10. Rd1 a6 11. Ba3 Nc6 12. Qf4 d5 13. cxd5 exd5 14. Bxe7 Nxe7 15.
Rac1 Re8 16. e3 Rc8 17. Na4 Bc6 18. Nc3 Bd7 19. h3 Rc5 20. Nd4 Qc8 21. Nce2
Bxh3 22. Qd6 Bxg2 23. Kxg2 Qb8 24. Qxb8 Rxb8 25. Nf4 Rbc8 26. Ra1 g6 27. Kf3 h5
28. Kg2 Ne4 29. Nd3 R5c7 30. Nf4 Nf6 31. Nd3 Ng4 32. Rd2 a5 33. Rad1 Kg7 34.
Nf4 Rc1 35. Nfe2 Rxd1 36. Rxd1 Ng8 37. Rd3 N8f6 38. Nf4 Kf8 39. Rd1 Ke7 40. a4
Rc5 41. Rb1 Ne5 42. Rd1 Kd7 43. Rb1 Nc6 44. Nfe2 Nb4 45. Rd1 Ng4 46. Nf4 Ne5
47. Nb5 Ke7 48. Rd2 Ng4 49. Nd4 Nf6 50. Rd1 Ne4 51. Kf3 Kf6 52. Rh1 Ng5+ 53.
Kg2 Ne6 54. Nfe2 Nxd4 55. Nxd4 Rc3 56. Rd1 Ke7 57. Kf1 Kd7 58. Ke2 Rc8 59. Kd2
Na6 60. Rh1 Nc5 61. f3 Ne6 62. Ne2 Ke7 63. Rb1 Nc5 64. Nc3 Ke6 65. b4 axb4 66.
Rxb4 Nd7 67. Ne2 g5 68. Nd4+ Kf6 69. f4 g4 70. Rb1 Rc4 71. Rb5 Rc5 72. Rb4 Kg6
73. Nb3 Rc4 74. Rb5 Rxa4 75. Rxd5 Nf6 76. Rd6 Kg7 77. Rxb6 Ne4+ 78. Kd3 Nxg3
79. Nd4 Ra3+ 80. Kd2 h4 81. Rb5 h3 82. Rg5+ Kf8 0-1

[Event "2BLN 1819 SV Glückauf Rüdersdorf - Hamb"]
[Site "?"]
[Date "2019.02.03"]
[Round "6.5"]
[White "Balcerak, Philipp"]
[Black "Sroczynski, Maciej"]
[Result "0-1"]
[WhiteElo "2370"]
[BlackElo "2300"]
[PlyCount "60"]
[EventDate "2019.??.??"]

1. Nf3 c5 2. g3 g6 3. Bg2 Bg7 4. O-O Nc6 5. c4 Nh6 6. Nc3 Nf5 7. a3 a6 8. Rb1
Rb8 9. b4 cxb4 10. axb4 b5 11. cxb5 axb5 12. h4 O-O 13. Ng5 e6 14. e3 d5 15.
Qb3 Qd6 16. Ne2 h6 17. Nf3 e5 18. d3 Be6 19. d4 e4 20. Nd2 g5 21. h5 Nfe7 22.
f3 f5 23. Ba3 exf3 24. Bxf3 f4 25. gxf4 gxf4 26. Rbc1 fxe3 27. Qxe3 Nxd4 28.
Bg2 Nef5 29. Qd3 Nxe2+ 30. Qxe2 Bd4+ 0-1

[Event "2BLN 1819 SV Glückauf Rüdersdorf - Hamb"]
[Site "?"]
[Date "2019.02.03"]
[Round "6.6"]
[White "Dudzinski, Piotr"]
[Black "Meissner, Felix"]
[Result "1/2-1/2"]
[WhiteElo "2326"]
[BlackElo "2380"]
[PlyCount "96"]
[EventDate "2019.??.??"]

1. e4 c5 2. c3 d5 3. exd5 Qxd5 4. d4 cxd4 5. cxd4 Nc6 6. Nf3 e6 7. Nc3 Qd8 8.
Bd3 Nf6 9. O-O Be7 10. Be3 O-O 11. Rc1 Nb4 12. Bb1 b6 13. a3 Nbd5 14. Ne5 Bb7
15. Qa4 Nxc3 16. Rxc3 Qd5 17. f3 Bd6 18. Bf4 b5 19. Qd1 Rac8 20. Re3 b4 21. Bg5
Ng4 22. Qd3 g6 23. Ba2 Nxe5 24. Bxd5 Nxd3 25. Bxb7 Rc7 26. Rxd3 Rxb7 27. axb4
Rxb4 28. b3 Rb5 29. Bf6 Rf5 30. Bh4 Rc8 31. Ra1 a5 32. Be1 Bb4 33. Bg3 Rc2 34.
Be5 h5 35. g4 hxg4 36. fxg4 Rff2 37. d5 Rfe2 38. Bg3 exd5 39. Rxd5 Bc3 40. Rad1
Rb2 41. Rb5 Re4 42. g5 Rg4 43. Kh1 Rd4 44. Rxd4 Bxd4 45. Rxa5 Rxb3 46. Ra8+ Kh7
47. Rd8 Bg7 48. Rd7 Kg8 1/2-1/2

[Event "2BLN 1819 SV Glückauf Rüdersdorf - Hamb"]
[Site "?"]
[Date "2019.02.03"]
[Round "6.7"]
[White "Gruenter, Martin"]
[Black "Szadkowski, Kamil"]
[Result "1/2-1/2"]
[WhiteElo "2207"]
[BlackElo "2281"]
[PlyCount "30"]
[EventDate "2019.??.??"]

1. e4 c5 2. c3 d5 3. exd5 Qxd5 4. d4 Nc6 5. Nf3 Bf5 6. Be3 cxd4 7. Nxd4 Nxd4 8.
Qxd4 Nf6 9. Na3 Qxd4 10. Bxd4 a6 11. Nc4 e6 12. Be2 Be4 13. f3 Bd5 14. Nb6 Rd8
15. Be5 Nd7 1/2-1/2

[Event "2BLN 1819 SV Glückauf Rüdersdorf - Hamb"]
[Site "?"]
[Date "2019.02.03"]
[Round "6.8"]
[White "Wlodarczyk, Oskar"]
[Black "Doberitz, Paul"]
[Result "1/2-1/2"]
[WhiteElo "2246"]
[BlackElo "2192"]
[PlyCount "103"]
[EventDate "2019.??.??"]

1. c4 Nf6 2. Nc3 b6 3. Nf3 Bb7 4. d4 d5 5. e3 e6 6. Bd3 dxc4 7. Bxc4 Be7 8. O-O
O-O 9. Qe2 Nbd7 10. e4 c5 11. e5 Ng4 12. d5 exd5 13. Nxd5 b5 14. Nxe7+ Qxe7 15.
Bg5 Bxf3 16. Bxe7 Bxe2 17. Bxe2 Rfe8 18. Bd6 Ngxe5 19. Bxb5 a6 20. Bxd7 Nxd7
21. Rfe1 f6 22. Kf1 Kf7 23. Rac1 Rxe1+ 24. Rxe1 Re8 25. Rc1 Rc8 26. Re1 Re8 27.
Rd1 Re6 28. Bf4 Ke7 29. f3 Nf8 30. Kf2 Rc6 31. g4 Ne6 32. Be3 Rd6 33. Rc1 Rd5
34. Rc4 Kd7 35. h4 g6 36. Ra4 Rd6 37. Rc4 Rd5 38. b4 cxb4 39. Rxb4 Rb5 40. Ra4
Nc7 41. Bd4 f5 42. g5 Ne6 43. Bf6 Nc7 44. Kg3 Rc5 45. Ra3 Rd5 46. Re3 Ne6 47.
Rb3 Rb5 48. Rd3+ Kc6 49. Be7 Rd5 50. Rc3+ Kd7 51. Bf6 Ra5 52. Rd3+ 1/2-1/2

[Event "2BLN 1819 SF Berlin II - FC St. Pauli"]
[Site "?"]
[Date "2019.02.03"]
[Round "6.1"]
[White "Socko, Bartosz"]
[Black "Lauber, Arnd"]
[Result "1-0"]
[WhiteElo "2617"]
[BlackElo "2434"]
[PlyCount "77"]
[EventDate "2019.??.??"]

1. Nf3 d5 2. d4 Nf6 3. c4 e6 4. g3 Bb4+ 5. Nbd2 O-O 6. Bg2 b6 7. O-O Bb7 8. a3
Be7 9. b4 dxc4 10. Nxc4 a6 11. Bb2 c5 12. dxc5 bxc5 13. bxc5 Bxc5 14. Rc1 Qe7
15. Na5 Bd5 16. Qd3 Nbd7 17. Ne5 Nxe5 18. Bxe5 Bxg2 19. Kxg2 Rfc8 20. Rc4 Nd7
21. Bb2 Nb6 22. Rh4 h6 23. Rc1 Qd7 24. Qxd7 Nxd7 25. Rg4 Bf8 26. Nc6 Nc5 27.
Rxc5 Bxc5 28. Rxg7+ Kf8 29. Rh7 Ke8 30. Ne5 Rab8 31. Nd3 Bf8 32. Rh8 Rxb2 33.
Nxb2 Rc3 34. a4 Ra3 35. e4 Ke7 36. e5 Ra2 37. Nc4 Rxa4 38. Nd6 Bg7 39. Nc8+ 1-0

[Event "2BLN 1819 SF Berlin II - FC St. Pauli"]
[Site "?"]
[Date "2019.02.03"]
[Round "6.2"]
[White "Seyb, Alexander"]
[Black "Feuerstack, Aljoscha"]
[Result "1-0"]
[WhiteElo "2417"]
[BlackElo "2456"]
[PlyCount "127"]
[EventDate "2019.??.??"]

1. e4 c6 2. d4 d5 3. e5 Bf5 4. h4 h5 5. Bd3 Bxd3 6. Qxd3 e6 7. Bg5 Be7 8. Nf3
Nh6 9. Nc3 Nf5 10. Ne2 Qa5+ 11. c3 Qa6 12. Qd2 Nd7 13. Bxe7 Nxe7 14. O-O Ng6
15. Rfe1 c5 16. Qg5 Qb6 17. Nf4 Nxf4 18. Qxf4 cxd4 19. cxd4 O-O 20. b3 Rac8 21.
g4 f6 22. gxh5 fxe5 23. Qg3 Rc3 24. h6 Rf7 25. Re3 exd4 26. Qg6 Nf8 27. h7+
Nxh7 28. Rxe6 Nf8 29. Qxf7+ Kxf7 30. Rxb6 axb6 31. Nxd4 Ne6 32. Rd1 Nxd4 33.
Rxd4 Ke6 34. Rb4 Rc6 35. Kg2 Ke5 36. Kf3 Rc3+ 37. Ke2 Rc2+ 38. Ke3 Rc3+ 39. Kd2
Rc6 40. Kd3 Rf6 41. Ke3 Re6 42. a4 Kd6+ 43. Kd3 Kc6 44. Rg4 Rf6 45. Kd4 b5 46.
axb5+ Kxb5 47. Kxd5 g6 48. f4 Rb6 49. Ke5 Ka5 50. Rg3 Kb4 51. Rd3 Rc6 52. f5
gxf5 53. h5 b5 54. Rh3 Rh6 55. Kxf5 Ka3 56. Kg5 Rh8 57. h6 b4 58. Kg6 Rc8 59.
h7 Rd8 60. Rf3 Rc8 61. Kg7 Rc7+ 62. Kg8 Rc3 63. h8=Q Rxf3 64. Qa1+ 1-0

[Event "2BLN 1819 SF Berlin II - FC St. Pauli"]
[Site "?"]
[Date "2019.02.03"]
[Round "6.3"]
[White "Socko, Monika"]
[Black "Agopov, Mikael"]
[Result "0-1"]
[WhiteElo "2445"]
[BlackElo "2449"]
[PlyCount "146"]
[EventDate "2019.??.??"]

1. d4 Nf6 2. c4 e6 3. Nf3 b6 4. g3 Ba6 5. b3 Bb4+ 6. Bd2 Be7 7. Nc3 d5 8. cxd5
exd5 9. Bg2 O-O 10. O-O Nbd7 11. Bf4 c6 12. Qc2 Re8 13. Rfd1 Bb7 14. Ne5 Nf8
15. e4 Ne6 16. exd5 cxd5 17. Be3 Rc8 18. Qd3 Bd6 19. f4 Re7 20. Rac1 Ba3 21.
Rb1 Bb4 22. Rdc1 Rec7 23. Ne2 Rxc1+ 24. Rxc1 Rxc1+ 25. Nxc1 Qc8 26. Bf1 Ne4 27.
Nf3 g6 28. Qd1 Qc3 29. Qd3 Qc8 30. Qd1 Ng7 31. Nd3 Ba3 32. Bc1 Be7 33. Bb2 Ba6
34. Qc1 Qxc1 35. Nxc1 Bxf1 36. Kxf1 f6 37. Ke2 Nf5 38. Nd3 Kf7 39. Nd2 Ke6 40.
Nf1 h5 41. Kf3 Ned6 42. Ne3 Nxe3 43. Kxe3 Ne4 44. Kf3 Nd2+ 45. Ke2 Ne4 46. Kf3
Bd6 47. h3 f5 48. g4 fxg4+ 49. hxg4 Nf6 50. Nf2 Bb4 51. gxh5 gxh5 52. Nd1 Bd2
53. Bc3 Bc1 54. Bb2 Bd2 55. Bc3 Bc1 56. Bb2 Bxb2 57. Nxb2 h4 58. Nd1 h3 59. Ne3
Ne4 60. f5+ Kd6 61. Nf1 Ke7 62. Kf4 Nc3 63. a4 Kf6 64. Kg4 Ne2 65. Kxh3 Kxf5
66. Nd2 Kf4 67. Kg2 Ke3 68. Nb1 Kd3 69. Kf2 Nxd4 70. b4 Kc2 71. Ke3 Nf5+ 72.
Kf4 Kxb1 73. Kxf5 Kc2 0-1

[Event "2BLN 1819 SF Berlin II - FC St. Pauli"]
[Site "?"]
[Date "2019.02.03"]
[Round "6.4"]
[White "Polzin, Rainer"]
[Black "Jahncke, Giso"]
[Result "1-0"]
[WhiteElo "2406"]
[BlackElo "2362"]
[PlyCount "115"]
[EventDate "2019.??.??"]

1. e4 e5 2. Nf3 Nc6 3. Bb5 a6 4. Ba4 Nf6 5. O-O Be7 6. Re1 b5 7. Bb3 d6 8. c3
O-O 9. d4 Bg4 10. Be3 exd4 11. cxd4 Na5 12. Bc2 Nc4 13. Bc1 c5 14. b3 Na5 15.
Nbd2 Nd7 16. h3 Bh5 17. d5 Rc8 18. g4 Bg6 19. Nf1 b4 20. Ng3 Bf6 21. Rb1 Bc3
22. Re2 Ne5 23. Nh2 Qh4 24. Kg2 h5 25. g5 f6 26. Nf5 Bxf5 27. exf5 Qd4 28. Be3
Qxd1 29. Rxd1 fxg5 30. Bxg5 Rce8 31. Nf1 c4 32. Ng3 Nb7 33. f6 gxf6 34. Bh6 Nd3
35. Bxd3 cxd3 36. Rxd3 Rxe2 37. Nxe2 Rc8 38. Be3 Be5 39. Rd2 Kf7 40. f4 Ba1 41.
Kf3 a5 42. Ng3 a4 43. bxa4 Rc3 44. Rd1 Bb2 45. Rb1 Ba3 46. Nf5 Rc2 47. Rg1 Kf8
48. Nd4 Rxa2 49. Ne6+ Ke8 50. Rg7 Na5 51. Bb6 Nb3 52. Ke4 Nd2+ 53. Kd3 Nf1 54.
Kc4 Rd2 55. a5 Rc2+ 56. Kb5 Rc8 57. Ka4 Ne3 58. Bxe3 1-0

[Event "2BLN 1819 SF Berlin II - FC St. Pauli"]
[Site "?"]
[Date "2019.02.03"]
[Round "6.5"]
[White "Krause, Jonah"]
[Black "Florstedt, Johannes"]
[Result "1/2-1/2"]
[WhiteElo "2316"]
[BlackElo "2320"]
[PlyCount "134"]
[EventDate "2019.??.??"]

1. Nf3 c5 2. c4 Nc6 3. d4 cxd4 4. Nxd4 Nf6 5. Nc3 e6 6. Bf4 d5 7. e3 Bb4 8. Be2
O-O 9. O-O dxc4 10. Nxc6 bxc6 11. Be5 Nd5 12. Qc2 Qa5 13. a3 Bxc3 14. Bxc3 Nxc3
15. Qxc3 Qxc3 16. bxc3 Ba6 17. Rab1 c5 18. Rfd1 Rfd8 19. Rxd8+ Rxd8 20. Rd1 Rd5
21. Rb1 Rd8 22. Rd1 Rxd1+ 23. Bxd1 Kf8 24. Be2 Ke7 25. Kf1 Kd6 26. Ke1 Bb7 27.
f3 Ba6 28. h4 e5 29. g3 f6 30. f4 Bb5 31. Kd2 Kd5 32. Bf3+ Ke6 33. Bg4+ Ke7 34.
Be2 Kd6 35. Ke1 Kc7 36. Kd2 Kb6 37. Kc1 Ka5 38. Bf1 Ba6 39. Bg2 Ka4 40. Kb2 Kb5
41. Kc1 Bc8 42. Be4 exf4 43. exf4 h6 44. Bd5 Bg4 45. Be4 Bh3 46. Bd5 Bf5 47.
Bf3 Bd3 48. Bd5 Ka5 49. Bf3 Kb6 50. Kd2 Kb5 51. Kc1 Bf5 52. Bd5 Bd3 53. Bf3 g5
54. fxg5 fxg5 55. hxg5 hxg5 56. Bd5 Ka4 57. Kb2 Ka5 58. Kc1 Kb5 59. Bf3 Bg6 60.
Bd5 Be8 61. Be4 Bd7 62. Bd5 Bc6 63. Be6 Be4 64. Bf7 Bf5 65. Bd5 Bd7 66. Bf7 Bc6
67. Be6 Be4 1/2-1/2

[Event "2BLN 1819 SF Berlin II - FC St. Pauli"]
[Site "?"]
[Date "2019.02.03"]
[Round "6.6"]
[White "Chatzidakis, Mihail"]
[Black "Voigt, Martin"]
[Result "1/2-1/2"]
[WhiteElo "2351"]
[BlackElo "2346"]
[PlyCount "62"]
[EventDate "2019.??.??"]

1. e4 c6 2. d4 d5 3. e5 c5 4. dxc5 e6 5. Nf3 Bxc5 6. Bd3 Ne7 7. O-O Ng6 8. a3
O-O 9. b4 Be7 10. c4 dxc4 11. Bxc4 a5 12. b5 Qxd1 13. Rxd1 Nd7 14. Bb2 Nb6 15.
Bf1 Na4 16. Bd4 b6 17. Nbd2 Bb7 18. Nc4 Bxf3 19. gxf3 Rab8 20. Be3 Nc3 21. Rd7
Nd5 22. Rd1 Nxe3 23. fxe3 Bc5 24. Bd3 Nf4 25. Kf2 Nd5 26. Rc1 Rfd8 27. Rxd8+
Rxd8 28. Be4 Kf8 29. Ke2 a4 30. Rc2 g6 31. f4 h6 1/2-1/2

[Event "2BLN 1819 SF Berlin II - FC St. Pauli"]
[Site "?"]
[Date "2019.02.03"]
[Round "6.7"]
[White "Mueller, Fabian"]
[Black "Brettschneider, Stefan"]
[Result "1-0"]
[WhiteElo "2343"]
[BlackElo "2290"]
[PlyCount "167"]
[EventDate "2019.??.??"]

1. d4 Nf6 2. c4 g6 3. Nc3 d5 4. cxd5 Nxd5 5. e4 Nxc3 6. bxc3 Bg7 7. Bg5 c5 8.
Rc1 Qa5 9. Qd2 cxd4 10. cxd4 Qxd2+ 11. Kxd2 O-O 12. Nf3 Bg4 13. Rc7 Bxf3 14.
gxf3 Bxd4 15. Bxe7 Re8 16. Bb5 Nc6 17. Bxc6 bxc6 18. Rb1 Bb6 19. Rd7 Rac8 20.
Bf6 c5 21. a4 c4 22. Rb5 Re6 23. Bc3 a6 24. Rb1 Kf8 25. Ke2 Ke8 26. Rb7 Rcc6
27. h3 h5 28. Rd1 Bc7 29. Ra7 f5 30. Ra8+ Kf7 31. Rd7+ Re7 32. Rxe7+ Kxe7 33.
exf5 gxf5 34. Rh8 Re6+ 35. Kd1 Be5 36. Bb4+ Kf6 37. Rc8 c3 38. Bxc3 Bxc3 39.
Rxc3 Kg5 40. Rc4 f4 41. Re4 Rb6 42. Ke2 Kf5 43. Rc4 Rb2+ 44. Kf1 Rb1+ 45. Kg2
Re1 46. h4 Re5 47. Kf1 Rd5 48. Ke2 Ke5 49. Re4+ Kf5 50. Kf1 Rc5 51. Kg2 Rd5 52.
Re8 Ra5 53. Rf8+ Ke5 54. Kh3 Rxa4 55. Rh8 Ra2 56. Rxh5+ Kf6 57. Kg4 Rxf2 58.
Ra5 Rg2+ 59. Kxf4 Rb2 60. Rxa6+ Kg7 61. Kg4 Rb5 62. f4 Kf7 63. h5 Kg7 64. Rg6+
Kh7 65. Re6 Rb1 66. Kg5 Rg1+ 67. Kf6 Rh1 68. Re7+ Kg8 69. Ra7 Rb1 70. f5 Rb6+
71. Kg5 Rb1 72. Kg6 Rg1+ 73. Kf6 Re1 74. Ra8+ Kh7 75. Kf7 Re2 76. f6 Re1 77.
Kf8 Re2 78. f7 Re1 79. Re8 Ra1 80. Ke7 Ra7+ 81. Kf6 Ra6+ 82. Ke5 Ra5+ 83. Kd6
Rf5 84. f8=R 1-0

[Event "2BLN 1819 SF Berlin II - FC St. Pauli"]
[Site "?"]
[Date "2019.02.03"]
[Round "6.8"]
[White "Lundin, Jan"]
[Black "Stenner, Patrick"]
[Result "1-0"]
[WhiteElo "2301"]
[BlackElo "2258"]
[PlyCount "57"]
[EventDate "2019.??.??"]

1. e4 c6 2. d4 d5 3. exd5 cxd5 4. Bf4 Nc6 5. c3 Bf5 6. Nd2 e6 7. Qb3 Qd7 8.
Ngf3 f6 9. Be2 g5 10. Bg3 h5 11. h3 Bd6 12. Nf1 Nge7 13. Bxd6 Qxd6 14. Ne3 Be4
15. a4 Kf7 16. a5 b6 17. axb6 axb6 18. Rxa8 Rxa8 19. Qd1 Ra2 20. Nd2 Bg6 21.
Bxh5 Rxb2 22. Ndc4 dxc4 23. Nxc4 Qd5 24. Nxb2 Kg7 25. O-O Be4 26. Re1 b5 27.
Nd3 Nf5 28. Rxe4 Qxe4 29. Bf3 1-0

[Event "2BLN 1819 SV Lingen - Hamburger SK II"]
[Site "?"]
[Date "2019.02.23"]
[Round "7.1"]
[White "Souleidis, Georgios"]
[Black "Perunovic, Milos"]
[Result "1/2-1/2"]
[WhiteElo "2424"]
[BlackElo "2601"]
[PlyCount "61"]
[EventDate "2019.??.??"]

1. e4 c5 2. Nc3 Nc6 3. Bb5 Nd4 4. Nf3 e6 5. O-O a6 6. Bd3 Nc6 7. b3 Be7 8. Bb2
d6 9. Re1 Bf6 10. Qc1 Nge7 11. Nd1 Bxb2 12. Qxb2 e5 13. Ne3 O-O 14. c3 f5 15.
Bc4+ Kh8 16. d3 f4 17. Nf1 b5 18. Bd5 Nxd5 19. exd5 Ne7 20. d4 cxd4 21. cxd4 e4
22. Rxe4 Nxd5 23. Ree1 Bf5 24. a3 a5 25. h3 g5 26. b4 a4 27. Qa2 Nc3 28. Qb2
Nd5 29. Qa2 Nc3 30. Qb2 Nd5 31. Qa2 1/2-1/2

[Event "2BLN 1819 SV Lingen - Hamburger SK II"]
[Site "?"]
[Date "2019.02.23"]
[Round "7.2"]
[White "Gajek, Radoslaw"]
[Black "Kramer, Julian"]
[Result "1/2-1/2"]
[WhiteElo "2443"]
[BlackElo "2380"]
[PlyCount "83"]
[EventDate "2019.??.??"]

1. e4 e5 2. Nf3 Nc6 3. Bc4 Bc5 4. O-O d6 5. d3 Nf6 6. c3 a6 7. a4 Ba7 8. Nbd2
O-O 9. Re1 Ng4 10. Rf1 Kh8 11. h3 Nh6 12. b4 f5 13. b5 Ne7 14. bxa6 bxa6 15.
Ng5 Ng6 16. Ndf3 Rb8 17. Ne6 Bxe6 18. Bxe6 fxe4 19. dxe4 Qf6 20. Ba2 Nf4 21.
Kh2 g5 22. Ng1 g4 23. g3 gxh3 24. Nxh3 Nxh3 25. Kxh3 Qg6 26. Qe2 Ng8 27. f4
exf4 28. Bxf4 Nf6 29. e5 Nh5 30. Qg4 Nxf4+ 31. Rxf4 Qxg4+ 32. Kxg4 dxe5 33.
Rxf8+ Rxf8 34. Re1 Re8 35. Kf5 Bf2 36. Rxe5 Rxe5+ 37. Kxe5 Bxg3+ 38. Kd5 a5 39.
Kc6 Kg7 40. Kb5 Be1 41. Kxa5 Bxc3+ 42. Kb5 1/2-1/2

[Event "2BLN 1819 SV Lingen - Hamburger SK II"]
[Site "?"]
[Date "2019.02.23"]
[Round "7.3"]
[White "Colpe, Malte"]
[Black "Ivanisevic, Ivan"]
[Result "0-1"]
[WhiteElo "2374"]
[BlackElo "2606"]
[PlyCount "72"]
[EventDate "2019.??.??"]

1. d4 Nf6 2. Nf3 e6 3. Bf4 b6 4. e3 Bb7 5. Bd3 d6 6. O-O Nbd7 7. Nbd2 Qe7 8. e4
e5 9. dxe5 dxe5 10. Bg3 g6 11. Qe2 Bh6 12. Ba6 Bxa6 13. Qxa6 O-O 14. Rfe1 Nh5
15. Qb5 Qe6 16. Rad1 Rfd8 17. Nb3 Nxg3 18. hxg3 a5 19. a4 c6 20. Qd3 Bf8 21.
Qe2 Bb4 22. Rf1 Kg7 23. Ng5 Qf6 24. Nf3 h5 25. Rd3 Be7 26. Rfd1 Qe6 27. R3d2
Rab8 28. Qa6 Nf6 29. Rxd8 Rxd8 30. Re1 Ng4 31. Qxb6 Qc4 32. c3 Qxa4 33. Nxa5
Rd1 34. Nxc6 Bf6 35. Kf1 Qc4+ 36. Kg1 Qe2 0-1

[Event "2BLN 1819 SV Lingen - Hamburger SK II"]
[Site "?"]
[Date "2019.02.23"]
[Round "7.4"]
[White "Milanovic, Danilo"]
[Black "Voigt, Roland"]
[Result "1/2-1/2"]
[WhiteElo "2490"]
[BlackElo "2445"]
[PlyCount "127"]
[EventDate "2019.??.??"]

1. d4 Nf6 2. c4 g6 3. Nc3 Bg7 4. e4 d6 5. Nge2 c6 6. Ng3 a6 7. f3 b5 8. Be3
Nbd7 9. c5 dxc5 10. dxc5 Qc7 11. Be2 O-O 12. O-O Rd8 13. Qc2 e5 14. a4 Bb7 15.
Rfd1 Nf8 16. b4 Ne6 17. Bf1 Qe7 18. axb5 axb5 19. Rxa8 Rxa8 20. Qb2 Bc8 21. Ra1
Rxa1 22. Qxa1 Qb7 23. Bd3 Ne8 24. Nge2 N8c7 25. Qa3 Qa6 26. Qb2 Nf8 27. Nc1 Be6
28. Kf2 Qa8 29. Nb3 Qd8 30. Bf1 f6 31. Na5 Qd7 32. Qd2 Qxd2+ 33. Bxd2 Bd7 34.
Bd3 Kf7 35. g3 Ke7 36. f4 Nfe6 37. Ne2 Nd8 38. Ng1 Nce6 39. Nf3 Nf7 40. f5 gxf5
41. exf5 Nc7 42. Ke2 Bh6 43. Be1 Nd5 44. Nb3 Nd8 45. Na1 Be8 46. Be4 Bf7 47.
Nc2 Bc1 48. Bd2 Bb2 49. g4 Nc3+ 50. Bxc3 Bxc3 51. Kd3 Bb2 52. h4 Bc1 53. Ne3 h6
54. Nd2 Bb2 55. Nf3 Ba2 56. Kd2 Kd7 57. g5 fxg5 58. hxg5 hxg5 59. Nxg5 Nf7 60.
Nf3 Bb3 61. Ng4 Kc7 62. Ne3 Kd7 63. Ng4 Kc7 64. Ne3 1/2-1/2

[Event "2BLN 1819 SV Lingen - Hamburger SK II"]
[Site "?"]
[Date "2019.02.23"]
[Round "7.5"]
[White "Hoolt, Sarah"]
[Black "Levin, Felix"]
[Result "1/2-1/2"]
[WhiteElo "2350"]
[BlackElo "2488"]
[PlyCount "83"]
[EventDate "2019.??.??"]

1. e4 e5 2. Nf3 Nc6 3. Bc4 Bc5 4. d3 Nf6 5. O-O O-O 6. Re1 h6 7. a4 a5 8. h3 d6
9. c3 Ne7 10. Nbd2 Ng6 11. Nf1 c6 12. Ba2 d5 13. exd5 Nxd5 14. Nxe5 Bxf2+ 15.
Kxf2 Nxe5 16. d4 Ng6 17. Kg1 Qh4 18. Be3 Be6 19. Bf2 Qg5 20. Qf3 Ndf4 21. Bg3
Bxa2 22. Rxa2 Rae8 23. Raa1 h5 24. h4 Qd5 25. Qxd5 cxd5 26. Re3 Re6 27. Rae1
Rfe8 28. Rxe6 Rxe6 29. Re3 Ne2+ 30. Kf2 Nxg3 31. Kxg3 Kf8 32. Rxe6 fxe6 33. b4
axb4 34. cxb4 Ne7 35. Ne3 Nc6 36. Nc2 Ke7 37. Kf4 Kf6 38. a5 Na7 39. Na3 Nc6
40. Nc2 Na7 41. Na3 Nc6 42. Nc2 1/2-1/2

[Event "2BLN 1819 SV Lingen - Hamburger SK II"]
[Site "?"]
[Date "2019.02.23"]
[Round "7.6"]
[White "Kollen, Zyon"]
[Black "Meissner, Felix"]
[Result "0-1"]
[WhiteElo "2374"]
[BlackElo "2378"]
[PlyCount "120"]
[EventDate "2019.??.??"]

1. e4 c5 2. Nf3 d6 3. d4 cxd4 4. Nxd4 Nf6 5. Nc3 a6 6. Be3 e5 7. Nb3 Be7 8. f3
Be6 9. Qd2 O-O 10. O-O-O a5 11. a4 Na6 12. g4 Nb4 13. g5 Ne8 14. h4 Rc8 15. Qf2
d5 16. exd5 Bf5 17. Rd2 Nd6 18. Bb6 Qe8 19. Bxa5 Rxc3 20. Bxb4 Rc8 21. Bxd6
Bxd6 22. Bb5 Qd8 23. Qa7 Bb4 24. c3 Qe7 25. Kd1 Bxc3 26. bxc3 Qa3 27. c4 Qxb3+
28. Ke2 b6 29. Qxb6 Rxc4 30. Qe3 Rc3 31. Qxe5 Rxf3 32. Bc4 Qxc4+ 33. Kxf3 Qg4+
34. Kf2 f6 35. Qg3 Qb4 36. Qe3 fxg5 37. Rc1 Qg4 38. Rg1 Bd3+ 39. Ke1 Qxh4+ 40.
Rf2 Qb4+ 41. Rd2 Qh4+ 42. Rf2 Bg6 43. Kf1 Re8 44. Qb3 h6 45. d6+ Kh7 46. d7 Rd8
47. Qe6 Qd4 48. Rg4 Qd1+ 49. Kg2 Rxd7 50. Rb4 Rd6 51. Qe5 Rd2 52. Qe3 Rd8 53.
Rf1 Qd6 54. Rb2 Re8 55. Qd2 Qc6+ 56. Kh2 Re4 57. Rb4 Qc7+ 58. Kh1 Qe5 59. Rb2
Rh4+ 60. Kg1 Rg4+ 0-1

[Event "2BLN 1819 SV Lingen - Hamburger SK II"]
[Site "?"]
[Date "2019.02.23"]
[Round "7.7"]
[White "Sievers, Stefan"]
[Black "Gutman, Lev"]
[Result "1/2-1/2"]
[WhiteElo "2359"]
[BlackElo "2406"]
[PlyCount "85"]
[EventDate "2019.??.??"]

1. c4 Nf6 2. g3 g6 3. Bg2 Bg7 4. Nc3 O-O 5. e4 Nc6 6. Nge2 a6 7. O-O Rb8 8. Rb1
b5 9. cxb5 axb5 10. b4 e5 11. d3 d6 12. h3 Be6 13. f4 Nd4 14. Be3 c5 15. a3 Qc8
16. g4 exf4 17. Bxf4 Nxe2+ 18. Nxe2 Rb6 19. Qd2 Nd7 20. Bh6 Ne5 21. Bxg7 Kxg7
22. d4 cxd4 23. Nxd4 Rb8 24. Nf5+ Bxf5 25. exf5 f6 26. Qxd6 Nc4 27. Qd4 Rd8 28.
Qe4 Qc7 29. fxg6 hxg6 30. Rbe1 Rd7 31. Rf2 Qb6 32. Qe6 Qxe6 33. Rxe6 Rf8 34.
Ra6 Rd3 35. a4 bxa4 36. Rxa4 Ne3 37. b5 Nxg2 38. Kxg2 Rb3 39. Ra5 Kh6 40. h4 f5
41. Ra7 Rxb5 42. Rf3 Rb4 43. gxf5 1/2-1/2

[Event "2BLN 1819 SV Lingen - Hamburger SK II"]
[Site "?"]
[Date "2019.02.23"]
[Round "7.8"]
[White "Miljkovic, Jovana"]
[Black "Groetzbach, Julian"]
[Result "1/2-1/2"]
[WhiteElo "2009"]
[BlackElo "2254"]
[PlyCount "69"]
[EventDate "2019.??.??"]

1. Nf3 d5 2. d4 Nf6 3. c4 e6 4. g3 Bb4+ 5. Bd2 Be7 6. Bg2 O-O 7. O-O c6 8. Qc2
Nbd7 9. Bf4 Ne4 10. Nc3 g5 11. Bc1 f5 12. b3 b6 13. Bb2 Qe8 14. Ne5 Nxe5 15.
dxe5 Bd7 16. Nxe4 fxe4 17. f3 Bc5+ 18. Kh1 exf3 19. Bxf3 Qe7 20. Bg4 Rxf1+ 21.
Rxf1 Rf8 22. Rf6 d4 23. Rf3 Rxf3 24. Bxf3 Qf7 25. Qe4 Qf5 26. Kg2 Kf7 27. g4
Qxe4 28. Bxe4 h6 29. Kf1 Kg7 30. a3 Bf8 31. Kf2 Kf7 32. Kf3 c5 33. e3 dxe3 34.
Kxe3 Be8 35. Bc3 1/2-1/2

[Event "2BLN 1819 SK König Tegel - FC St. Pauli"]
[Site "?"]
[Date "2019.02.23"]
[Round "7.1"]
[White "Socko, Bartosz"]
[Black "Stern, Rene"]
[Result "1/2-1/2"]
[WhiteElo "2615"]
[BlackElo "2533"]
[PlyCount "171"]
[EventDate "2019.??.??"]

1. d4 d5 2. c4 e6 3. Nf3 Nf6 4. g3 Bb4+ 5. Nbd2 O-O 6. Bg2 Re8 7. O-O b6 8. a3
Bf8 9. b4 Nbd7 10. Bb2 Bb7 11. Rc1 c6 12. Ne5 a5 13. Qb3 axb4 14. axb4 Nxe5 15.
dxe5 Nd7 16. f4 Qb8 17. Rfd1 Rd8 18. e4 d4 19. h4 c5 20. b5 Be7 21. Bf3 Kh8 22.
Kg2 Rg8 23. Kf2 Qc7 24. Ra1 Rxa1 25. Rxa1 Ra8 26. Rxa8+ Bxa8 27. Qa3 Qd8 28.
Qa7 Qc8 29. Nb3 Kg8 30. Nc1 Bb7 31. Nd3 Qa8 32. Qxa8+ Bxa8 33. Kg2 Bd8 34. Bc1
Bc7 35. h5 Bb7 36. Bd2 Kf8 37. Be1 Bd8 38. g4 g5 39. hxg6 hxg6 40. g5 Bc7 41.
Kf2 Ke8 42. Ke2 Bd8 43. Bg3 Kf8 44. Nf2 Ke8 45. Ng4 Be7 46. Kd3 Bf8 47. Bg2 Be7
48. Bh3 Bd8 49. Nf6+ Nxf6 50. gxf6 Kf8 51. Bh4 Bc8 52. Bg5 Bc7 53. Bh6+ Kg8 54.
Ke2 Bd7 55. Kf3 Bc8 56. Bf1 Bb7 57. Bd3 Bb8 58. Kg4 Bc8 59. Kg5 Bc7 60. Bg7 Bb8
61. Kh6 Bc7 62. Be2 Bb8 63. Kg5 Bc7 64. Bh6 Bb8 65. Kg4 Bc7 66. Bf1 Bb8 67. Bg5
Bc7 68. Bh4 Bb8 69. Kg5 Kh7 70. Bd3 Bc7 71. Be1 Bd7 72. Bg3 Be8 73. f5 Bd7 74.
Bf4 Bd8 75. Kg4 Bc7 76. Bc2 Bc8 77. Bb1 Bd7 78. Bd3 Bc8 79. Kg5 Bd7 80. Bg3 Bc8
81. Kf4 Bd7 82. Bh4 Bc8 83. Bg3 Bd7 84. Kg5 Bc8 85. Bf4 Bd7 86. fxg6+ 1/2-1/2

[Event "2BLN 1819 SK König Tegel - FC St. Pauli"]
[Site "?"]
[Date "2019.02.23"]
[Round "7.2"]
[White "Rabiega, Robert"]
[Black "Feuerstack, Aljoscha"]
[Result "0-1"]
[WhiteElo "2509"]
[BlackElo "2456"]
[PlyCount "65"]
[EventDate "2019.??.??"]

1. e4 c6 2. d4 d5 3. exd5 cxd5 4. Bd3 Nc6 5. c3 Nf6 6. h3 g6 7. Nf3 Bf5 8. Be2
Qc7 9. O-O Bg7 10. Be3 O-O 11. Nbd2 Ne4 12. Nxe4 Bxe4 13. Qd2 Rad8 14. Rad1 Qa5
15. b4 Qa4 16. Ng5 e5 17. dxe5 Bxe5 18. b5 Na5 19. Bxa7 Bc2 20. Rc1 Bf5 21. Bd4
Nc4 22. Bxc4 dxc4 23. Nf3 Bxd4 24. Nxd4 Qxb5 25. Qf4 Qc5 26. Rfe1 Bd3 27. Re3
Ra8 28. Rce1 Rxa2 29. Re5 Qd6 30. Nb5 Qb6 31. Re8 Qxb5 32. Qd6 Rxe8 33. Re7 0-1